| 000 | 00664cam a2200193 a 4500 | ||
|---|---|---|---|
| 001 | 000019230 | ||
| 005 | 20200929165945.0 | ||
| 008 | 500101s1954 nyua 000 0 eng d | ||
| 040 |
_aDO-SdBNP _cVAR _dEQO _dBNPHU |
||
| 082 |
_annnn _bC319a |
||
| 100 | 1 |
_aCarroll, Lewis, _d1832-1898. _941362 |
|
| 245 | 1 | 0 |
_aAlice's adventures in Wonderland. Through the looking-glass / _cLewis Carroll ; illustrations by Milo Winter. |
| 260 |
_aNew York : _bRand Mcnally & company, _c1954. |
||
| 300 |
_a239 : _bill. ; _c24 cm. |
||
| 700 | 1 |
_aWinter, Milo, _eillus. _941363 |
|
| 730 | 0 |
_aThrough the looking-glass _941364 |
|
| 910 | _aCatalogación derivada /Oxford | ||
| 049 | _aBNGR | ||
| 999 |
_c18748 _d18748 |
||